| 000 | 00562nam a2200169 4500 | ||
|---|---|---|---|
| 999 |
_c511345 _d511345 |
||
| 008 | 190917b ||||| |||| 00| 0 eng d | ||
| 100 |
_aRavichandran, Narasimhan _910819 |
||
| 245 | _aSecurity management at the National Institute of Management: to outsource or insource?: cases (A) and (B) | ||
| 260 | _bVikalpa | ||
| 300 | _a44(2), Apr-Jun, 2019: p.88-94. | ||
| 650 |
_aDecision-making _910816 |
||
| 650 |
_aCorporate strategy _910817 |
||
| 700 |
_aNarayanaswami, Sundaravalli _910818 |
||
| 773 | _aVikalpa | ||
| 906 | _aSecret service | ||
| 942 |
_2ddc _cAR |
||